000 00365pab a2200157 454500
008 180718b1997 xxu||||| |||| 00| 0 eng d
100 _aJayanti Alam
245 _aWomen and environment management
260 _c1997
300 _ap.19-26
362 _a12 Apr
650 _aWomen
650 _aEnvironmental management
773 _aMainstream
909 _a33858
999 _c33858
_d33858